Ben Stiller Movies Quiz Stats

 Plays Quiz Updated Dec 31, 2020

     
Support Sporcle.
Go Orange.
Score 0/56 Timer 08:00
0 Plays Today
Year Movie Title % Correct
2004Meet the Fockers
93.8%
2000Meet the Parents
93.7%
2001Zoolander
92.1%
2004Dodgeball: A True Underdog Story
77.3%
2004Starsky & Hutch
71.8%
2013The Secret Life of Walter Mitty
71.8%
2016Zoolander 2
71.7%
2014Night at the Museum: Secret of the Tomb
67.7%
2006Night at the Museum
62%
2012Madagascar 3: Europe's Most Wanted
58%
2004Along Came Polly
56.1%
2005Madagascar
50.2%
1998There's Something About Mary
49.3%
2001The Royal Tenenbaums
49.3%
2008Tropic Thunder
47.6%
2004Anchorman: The Legend of Ron Burgundy
42.4%
2009Night at the Museum: Battle of the Smithsonian
42.3%
2008Madagascar: Escape 2 Africa
40.5%
1996Happy Gilmore
34.1%
2010Little Fockers
28.9%
1999Mystery Men
28.6%
2020Hubie Halloween
28.4%
2007The Heartbreak Kid
27.6%
1995Heavyweights
27.2%
2000Keeping the Faith
23.7%
2012The Watch
22.7%
1996The Cable Guy
21.5%
2017The Meyerowitz Stories (New and Selected)
18.6%
Year Movie Title % Correct
2003Duplex
18%
2006Tenacious D in: The Pick of Destiny
16.7%
2017Brad's Status
14.4%
1994Reality Bites
14.1%
2004Envy
12.5%
2014While We're Young
11.9%
2010Greenberg
8.8%
2011Tower Heist
6.9%
2016Don't Think Twice
5.8%
2013He's Way More Famous Than You
5.7%
1998Permanent Midnight
5.6%
1987Empire of the Sun
5.1%
2006School for Scoundrels
4.7%
1996Flirting With Disaster
4.5%
2010Megamind
4%
1998Zero Effect
3.5%
1989Next of Kin
3%
1996If Lucy Fell
2.7%
1998Your Friends & Neighbors
2.6%
2000Black and White
2.6%
1999The Suburbans
2.4%
1987Hot Pursuit
2.3%
1992Highway to Hell
2.3%
2001The Independent
2.2%
1990Stella
2.2%
1988Fresh Horses
2.1%
2009The Marc Pease Experience
2%
1989That's Adequate
1.6%

From the Vault

2010 World Cup Teams

by LondonBlue

Sports 5m
We tried to get Charlize Theron to present this quiz, but we had a little trouble locating her number.
Remove Ads.
Support Sporcle.
Get the best of Sporcle when you Go Orange. This ad-free experience offers more features, more stats, and more fun while also helping to support Sporcle. Thank you for becoming a member.

Show Comments

Extras

Top Quizzes Today


Score Distribution

Your Account Isn't Verified!

In order to create a playlist on Sporcle, you need to verify the email address you used during registration. Go to your Sporcle Settings to finish the process.

Report this User

Report this user for behavior that violates our Community Guidelines.

Details: